000 00724nam a2200265Ia 4500
001 Para_6431
003 CHAP
008 220125s1971 xx 000 0 und d
010 _a205171
040 _cCHAP
090 _aPA FOLLETO 440
110 _aUnión Carbide
_9170956
245 _aSevidan :
_b insecticida específico para bellotero /
_c por Unión Carbide
260 _aMéxico :
_b Unión Carbide
300 _a1 hoja desplegable
650 _aAlgodón
_x plagas
_94046
650 _aHeliothis virescens
_953440
901 _aPA FOLLETO 440
902 _aA
905 _a0000001971 0000000000 00
910 _a1971
942 _cPARA
942 _cPARA
_d1
999 _c205171
_d205171